載入...

വീടും തടവും /

書目詳細資料
主要作者: ആനന്ദ്
其他作者: Anand
格式: Printed Book
出版: Thrissur: Current Books, 1980.
版:1
主題:
LEADER 00520cam a2200157ua 4500
082 |a M894.812 371  |b ANA/V 
100 0 |a ആനന്ദ്  
245 0 0 |a വീടും തടവും /  
250 |a 1 
260 |a Thrissur:  |b Current Books,  |c 1980. 
300 |a 120p.. 
650 0 |a Veedum thadavum   |a Malayalam- stories 
700 |a Anand 
942 |c BK 
999 |c 15588  |d 15588 
952 |0 0  |1 0  |4 0  |6 M_894_812000000000000_371_ANA  |7 0  |9 16254  |a KUCL  |b KUCL  |d 2014-05-23  |l 1  |o M894.812 371 ANA/  |p 08049  |r 2016-04-11  |s 2016-02-29  |w 2014-05-23  |y BK